00920nam a2200241 a 450000100060000000300080000600500170001400800390003102000220007003500190009204000270011104100080013808200150014610000310016124501780019226000470037030000290041750001010044650400380054765000230058570000490060883000210065719706BD-RjUL20211209000451.0140225s1968 enk b 000 1 eng a0192815962 (pbk.) a(BD-RjUL)19767 aDLCcDLCbengdBD-RjUL aeng a823.6bBUE1 aBurney, Fanny,d1752-1840.10aEvelina, or, the history of a young lady's entrance into the world /cFrances Burney ; edited with an introduction by Edward A. Bloom with the assistance of Lillian D. Bloom aOxford :bOxford University Press,c c1968 axxxviii, 421 p. ;c19 cm aOriginally published: London ; New York : Oxford University Press, 1968. (Oxford English novels) aBibliography: p. [xxxvii]-xxxviii aEnglish Literature1 aBloom, Edward A.q(Edward Alan),d1914-1994. 0aWorld's classics